zpět

Detail výsledku týmu

Pivnice U Badinů, Brno

Datum a čas kvízu

27.5 Celkem bodů Celkový počet nahraných bodů na tomto kvízu bez doplňovacích otázek.
4. Pořadí na kvízu Konečné umístění týmu na tomto kvízu.

Zaznamenané odpovědi

# Otázka Odpověď Body Výsledky
1. Brněnský útulek v minulém týdn... miláčku 1
2. Oblíbená turistická atrakce, 6... v Krakově 0
3. Ministerstvo kultury učinilo d... C) česká pivní kultura 1
4. Jistý internetový portál nabíz... Seznam.cz 1
5. O víkendu proběhly v Ostravě k... (Jižní) Korea, Tomáš Berdych 0
6. Začneme největšími společnými... (Vše)sokolský slet, Spartakiáda 1
7. Napište anglický dvouslovný ná... step aerobic 1
8. Cvičení na tomto „půlmíči“ je... BOSU 0
9. Bikram jóga je speciální druh... C) cvičí se v sále vyhřátém na 42 °C 0
10. Jak se jmenuje tato 55letá žen... Olga Studničková (Šípková) 1